عرض عادي
عرض مارك
- بيطار، وليد
مدخل إسم شخص
001 - رقم الضبط
- حقل الضبط: 16653
003 - معرف رقم الضبط
- حقل الضبط: OSt
005 - تاريخ ووقت أخر عملية
- حقل الضبط: 20120726034815.0
008 - عناصر بيانات ثابتة الطول
- حقل تحكم ثابت الطول: 120726|||a|||||| | ||| d
040 ## - مصدر الفهرسة
- هيئة الفهرسة الأصلية: OSt
- وكالة الكتابة: OSt
100 ## - مدخل -- أسم شخص
- إسم شخص: بيطار، وليد
670 ## - بيانات المصدر موجوده
- الاستشهاد بالمصدر: Work cat.: (OSt)27005: بيطار، وليد, القانون الدولي العام /, 2008
